Вып. 13; Научные и прикладные проблемы энергетики

Bibliographische Detailangaben
Parent link:Научные и прикладные проблемы энергетики: республиканский межведомственный сборник/ Белорусский политехнический институт. Вып. 13.— , 1974-1988
Weitere Verfasser: Кочетков А. В.
Sprache:Russisch
Veröffentlicht: 1986
Schlagworte:
Format: MixedMaterials Buch
KOHA link:https://koha.lib.tpu.ru/cgi-bin/koha/opac-detail.pl?biblionumber=268316

MARC

LEADER 00000nam2a2200000 4500
001 268316
005 20231101234145.0
020 |a RU  |b 86-276ж 
035 |a (RuTPU)RU\TPU\book\291467 
090 |a 268316 
100 |a 20140901d1986 k y0rusy5003 ca 
101 0 |a rus 
102 |a BY 
105 |a a z 001zy 
200 0 |a Вып. 13  |f гл. ред. А. В. Кочетков 
210 |d 1986 
215 |d 21 см  |a 108 с.  |c ил. 
320 |a Библиография в конце статей 
461 1 |0 (RuTPU)RU\TPU\book\288145  |t Научные и прикладные проблемы энергетики  |o республиканский межведомственный сборник  |f Белорусский политехнический институт  |v Вып. 13  |d 1974-1988 
606 1 |a Энергетика  |2 stltpush  |3 (RuTPU)RU\TPU\subj\21200  |9 46224 
610 1 |a теплофизика 
610 1 |a промышленная теплоэнергетика 
610 1 |a электроприводы переменного тока 
610 1 |a электроприводы постоянного тока 
610 1 |a рациональное использование 
610 1 |a технологические процессы 
610 1 |a технологические установки 
610 1 |a автоматизация 
610 1 |a расчет 
610 1 |a схемотехника 
675 |a 620.9  |z rus  |v 3 
702 1 |a Кочетков  |b А. В.  |4 651 
801 0 |a RU  |b RuMRKP  |c 19950704  |g psbo 
801 1 |a RU  |b 63413507  |c 20140901 
801 2 |a RU  |b 63413507  |c 20150715  |g RCR 
942 |c BK